000 00654nam a2200253Ia 4500
003 0100
008 130303s9999 xx 000 0 und d
020 _a0070622167
040 _cARRUPELIB
050 _aBD21.S825
100 _aStumpf, Samuel Enoch
245 _aElements of philosophy
245 _ban introduction
260 _aNew York
260 _bMcGraw-Hill
260 _C1979
300 _a505p.
300 _b 24cm.
650 _aPHILOSOPHY
650 _bChristianity and politics, Catholic Church in Zimbabwe--History
650 _cChurch and state in Zimbabwe--History
650 _dZimbabwe--Church history
942 0 0 _04
999 _c26781
_d26781